Loading...
| Beliefs | 10 | 13.00 | 80% | 30% | 20% |
| Fine Arts - Classical Music and Opera | 8 | 20.00 | 100% | 88% | 13% |
| Fine Arts - Other Arts | 6 | 18.33 | 100% | 50% | 33% |
| Geography | 2 | 20.00 | 100% | 50% | 50% |
| History - American | 7 | 15.71 | 100% | 43% | 14% |
| History - Ancient | 5 | 10.00 | 60% | 40% | 0% |
| History - European | 7 | 12.86 | 100% | 29% | 0% |
| History - Other | 1 | 20.00 | 100% | 100% | 0% |
| History - World | 7 | 10.00 | 86% | 14% | 0% |
| Literature - American | 5 | 24.00 | 100% | 100% | 40% |
| Literature - British | 6 | 23.33 | 100% | 67% | 67% |
| Literature - European | 7 | 17.14 | 86% | 86% | 0% |
| Literature - World | 7 | 22.86 | 100% | 71% | 57% |
| Modern World | 3 | 23.33 | 100% | 100% | 33% |
| Other Academic | 3 | 20.00 | 100% | 67% | 33% |
| Philosophy | 9 | 14.44 | 100% | 44% | 0% |
| Science - Biology | 7 | 17.14 | 86% | 71% | 14% |
| Science - Chemistry | 9 | 10.00 | 67% | 33% | 0% |
| Science - Other | 7 | 20.00 | 100% | 71% | 29% |
| Science - Physics | 8 | 15.00 | 100% | 38% | 13% |
| Social Science | 11 | 16.36 | 91% | 55% | 18% |
| Visual Arts | 2 | 15.00 | 100% | 50% | 0% |